000 01424nam a2200265Ia 4500
999 _c40051
_d40051
001 6657
003 GE_BSU
005 20191125160000.0
008 181216s1962||||ge |||||||||||||| ||geo||
040 _cGE_BSU
041 _ageo
080 _a821.353.1-311 გ-19
100 _aგამსახურდია, კონსტანტინე.
_91395
245 _aრჩეული თხზულებანი [ რვატომეული ] ტომი IV დავით აღმაშენებელი :
_bტეტრალოგია /
_cკონსტანტინე გამსახურდია ; სარედ. ირაკლი აბაშიძე, სერგი ჭილაია, გიორგი ნატროშვილი.
264 _aთბილისი :
_bსაბჭ.საქართველო,
_c1962.
300 _a808 გვ. ;
_c22 სმ.
653 _aთხზულებანი
653 _aრვატომეული
653 _aდავით აღმაშენებელი
653 _aტეტრალოგია
700 _aაბაშიძე, ირაკლი
_eრედაქტორი
_93740
700 _aჭილაია, სერგი
_eრადაქტორი
_95551
700 _aნატროშვილი, გიორგი
_eრედაქტორი
_93756
942 _cBK
_2udc